000 00862nam a2200217Ia 4500
001 19407
003 GE_BSU
008 181216s||||||||xx |||||||||||||| ||und||
040 _cGE_BSU
245 _aსაპატრიარქოს უწყებანი 22-28 დეკემბერი №40(829) 2016.
245 _bპატრიარქის ქადაგება,ქრონიკა, ინფორმაცია და სხვა.
245 _cრედ:დეკანოზი დავით შარაშენიძე და სხვა.
260 _aთბილისი
260 _c2016
300 _a20გვ. 27სმ.
541 _h70 თ.
653 _aპერიოდიკა
653 _aრელიგია
653 _aსაპატრიარქოს უწყებანი.
942 _cCR
999 _c52387
_d52387